| Tag |
First Indicator |
Second Indicator |
Subfields |
| LEADER |
00000cam a2200000 a 4500 |
| 001 |
in00000001346 |
| 005 |
20151007050413.0 |
| 008 |
981019s1998 gau b f000 0 eng d |
| 035 |
|
|
|a (OCoLC)40132283
|
| 035 |
|
|
|9 AJB2786AM
|
| 040 |
|
|
|a GPO
|c GPO
|d DLC
|d MvI
|d UtOrBLW
|
| 043 |
|
|
|a n-us-ct
|
| 049 |
|
|
|a UDOC
|
| 074 |
|
|
|a 0499-F-16
|
| 086 |
0 |
|
|a HE 20.7125/2:98-0030-2697
|
| 100 |
1 |
|
|a Kiefer, Max.
|
| 245 |
1 |
0 |
|a Pratt & Whitney TAPC, North Haven, Connecticut /
|c Max Kiefer, Doug Trout.
|
| 264 |
|
1 |
|a [Atlanta, Ga.] :
|b U.S. Dept. of Health and Human Services, Public Health Service, Centers for Disease Control and Prevention, National Institute for Occupational Safety and Health ;
|c [1998]
|
| 264 |
|
2 |
|a [Springfield, Va.] :
|b [National Technical Information Service, distributor],
|
| 300 |
|
|
|a iv, 22 pages ;
|c 28 cm.
|
| 336 |
|
|
|a text
|b txt
|2 rdacontent
|
| 337 |
|
|
|a unmediated
|b n
|2 rdamedia
|
| 338 |
|
|
|a volume
|b nc
|2 rdacarrier
|
| 490 |
1 |
|
|a NIOSH health hazard evaluation report ;
|v HETA 98-0030-2697
|
| 500 |
|
|
|a Shipping list number: 98-0354-P.
|
| 500 |
|
|
|a "June 1998"--P. iii.
|
| 504 |
|
|
|a Includes bibliographical references (pages 13-15).
|
| 610 |
2 |
0 |
|a Pratt & Whitney TAPC (Firm)
|
| 650 |
|
0 |
|a Indoor air pollution
|x Environmental aspects
|z Connecticut
|z New Haven.
|
| 650 |
|
0 |
|a Metal-working lubricants
|x Health aspects
|z Connecticut
|z New Haven.
|
| 650 |
|
0 |
|a Endotoxins
|x Health aspects
|z Connecticut
|z New Haven.
|
| 700 |
1 |
|
|a Trout, Doug.
|
| 710 |
2 |
|
|a National Institute for Occupational Safety and Health.
|
| 830 |
|
0 |
|a NIOSH health hazard evaluation report ;
|v HETA 98-0030-2697.
|
| 999 |
|
|
|a MARS
|
| 999 |
f |
f |
|s 431263d6-b0c5-3205-b51c-2036d1ec5666
|i be367c0d-6c48-3c1c-9384-9785fc35554a
|t 0
|
| 952 |
f |
f |
|p normal
|a Texas A&M University
|b College Station
|c Sterling C. Evans Library
|d Evans: US Documents (Annex 5th floor)
|t 0
|e HE 20.7125/2:98-0030-2697
|h Superintendent of Documents classification
|i unmediated -- volume
|m A14827507135
|
| 998 |
f |
f |
|a HE 20.7125/2:98-0030-2697
|t 0
|l Evans: US Documents (Annex 5th floor)
|